Dynamický stochastický model všeobecnej rovnováhy malej otvorenej ekonomiky
Dynamické stochastické modely všeobecnej rovnováhy pre analýzu správania sa ekonomického systému patria v súčasnosti medzi štandardné a často využívané prístupy. DSGE modely popisujú ekonomický rast, vplyvy monetárnej a fiškálnej politiky v ekonomickom systéme. Výhoda DSGE modelov vychádza z použiti...
Salvato in:
| Autore principale: | |
|---|---|
| Altri autori: | |
| Natura: | Capitolo di libro |
| Lingua: | slovacco |
| Soggetti: | |
| Tags: |
Nessun Tag, puoi essere il primo ad aggiungerne!!
|
MARC
| LEADER | 00000nla a2200000 4500 | ||
|---|---|---|---|
| 001 | 0180505 | ||
| 005 | 20251028083537.5 | ||
| 041 | 0 | |a slo | |
| 044 | |a SK | ||
| 245 | 1 | 0 | |a Dynamický stochastický model všeobecnej rovnováhy malej otvorenej ekonomiky |c Martin Benkovič, Patrik Kupkovič |
| 520 | |a Dynamické stochastické modely všeobecnej rovnováhy pre analýzu správania sa ekonomického systému patria v súčasnosti medzi štandardné a často využívané prístupy. DSGE modely popisujú ekonomický rast, vplyvy monetárnej a fiškálnej politiky v ekonomickom systéme. Výhoda DSGE modelov vychádza z použitia silných mikroekonomických základov. | ||
| 610 | 2 | 0 | |a modely stochastické |
| 610 | 2 | 0 | |a modely ekonomicko-matematické |
| 610 | 2 | 0 | |a modely rovnováhy |
| 610 | 2 | 0 | |a systémy ekonomické |
| 610 | 2 | 0 | |a modelovanie |
| 100 | 1 | |a Benkovič, Martin | |
| 700 | 1 | |a Kupkovič, Patrik | |